000 01453nam a22002177a 4500
005 20120117101124.0
020 _a9788187649656
_c65.00
082 _a
100 _aकाकोडकर, मीना
_939368
245 _aभीखू की डायरी /
_cकाकोडकर, मीना
246 _aभीखू की डायरी /
_bकाकोडकर, मीना
250 _a 3 रा
260 _aनई दिल्ली
_bकथा
_c2010
270 _aए-3 सर्वोदय एनक्लेव, श्री अरविन्दो मार्ग
_bनई दिल्ली
_e110017
300 _a39 पृ.
_bसचित्र
_c22 सें.मी. (अजिल्द)
490 _aसीरीज़ संपादिका:गीता धर्मराजन
_939369
500 _aमीना काकोडकर को साहित्य अकादमी जैसे कई प्रतिष्ठित पुरस्कारों से सम्मानित किया गया है उनकी प्रकाशित रचनाओं में लघुकथाओं की दो कुसुमावाली "डोर चनवाला" तथा "सपन फुलम" शामिल हैं।
650 _aकहानी
_939370
700 _aकाकोडकर, मीना
_939371
942 _2ddc
_cCH
_e2010
_h
_mकाकोड
999 _c61046
_d61046